000 00688nam a2200193Ia 4500
008 0000001991 mX a 0000000000spa00
090 _aPSP00 G71l
100 1 _aGranda, Luis
_d1941
245 1 0 _aLuis Granda
300 _a[40] p.
_c/ 21 cm.
500 _aExposición realizada en Galería Ramis F. Barquet, México, 1991 \ Con el patronazgo del maestro venezolano Jesús Rafael Soto (q.e.p.d.)
600 0 0 _aGRANDA, LUIS, 1941 /
_xTRABAJOS PICTORICOS
650 1 4 _aARTE CONTEMPORANEO ESPAÑOL
650 1 4 _xCATALOGOS
650 1 4 _xEXPOSICIONES
650 1 4 _aPINTORES ESPAÑOLES
650 1 4 _aPINTURA ESPAÑOLA
999 _c1618
_d1618
260 _aMéxico : Galería Ramis Barquet
_c1991